[Event "Velammal-AICF Women GM 2019"]
[Site "Chennai"]
[Date "2019.01.28"]
[Round "1"]
[White "Nakhbayeva, Guliskhan"]
[Black "Osmak, Iulija"]
[Result "0-1"]
[WhiteElo "2336"]
[BlackElo "2394"]
[Annotator "TA"]
[PlyCount "82"]
[EventDate "2019.01.28"]
[EventType "swiss"]
[EventCountry "IND"]
[SourceTitle "playchess.com"]
[Source "ChessBase"]
[SourceQuality "1"]

{[%evp 20,82,39,7,48,14,35,25,35,8,16,0,6,0,1,-25,-19,-37,0,-30,-26,-83,-51,-303,-312,-279,-280,-319,-321,-373,-367,-385,-376,-380,-373,-439,-298,-454,-452,-536,-524,-596,-467,-556,-554,-2376,-2368,-2141,-1931,-29966,-29970,-29981,-29982,-29989,-29990,-29990,-29987,-29995,-29993,-29993,-29993,-29996,-29994,-29994,-29995]} 1. d4 d5 2. c4 c6 3. Nc3 Nf6 4. e3 Bf5 5. cxd5 cxd5 6. Qb3 Nc6 {D10: Slav Defence: 3 cxd5 (without early Nf3) and 3 Nc3} 7. Qxb7 Bd7 8. Qb3 Rb8 9. Qd1 e5 10. dxe5 Nxe5 11. Be2 {LiveBook: 43 Games} Bd6 12. Nf3 O-O 13. O-O Qe7 (13... Nxf3+ 14. Bxf3 {0-1 (51) Harikrishna,P (2744)-Mamedov,R (2709) Riadh 2017}) 14. Nxe5 (14. Nxd5 Nxd5 15. Qxd5 Bc6 $11) (14. Nd4 {seems wilder.} Rfc8 15. a4 Bb4 16. Ncb5 Bc5 17. Nb3) 14... Bxe5 15. a4 $146 Rfc8 16. Nb5 Rb6 17. Nd4 ({Don't blunder} 17. Nxa7 $2 Ra8 $19) 17... Ne4 {Strongly threatening ...Bxh2+!} 18. f4 Bd6 {[%mdl 1024] Black has compensation.} 19. Bb5 Bc5 $36 {[%mdl 2048] White is under pressure.} 20. Qd3 (20. Bxd7 $11 {keeps the balance.} Qxd7 21. Ne2) 20... Bg4 21. Bd2 $2 {[%mdl 8192] [#]} (21. Nf3 $15) 21... a6 $1 $19 {[%mdl 512]} 22. Bxa6 Nxd2 ({Don't take} 22... Rxa6 23. Qxa6 Nxd2 24. Rfe1 $17) 23. Bxc8 Nxf1 24. Rxf1 Bxc8 25. Rc1 Ba6 26. Qd2 {White hopes to continue with Nf5.} Bxd4 27. exd4 Qb4 28. Re1 (28. Qxb4 $142 Rxb4 29. Rc5) 28... Qxa4 ({Stronger than} 28... Qxd2 29. Re8#) 29. f5 h6 30. h3 Qd7 31. Re5 f6 32. Qa5 Rb5 33. Qxa6 fxe5 34. dxe5 Rxb2 {Black mates.} 35. Qa8+ Kh7 36. e6 Rb1+ 37. Kf2 Qc7 38. Qa4 Qc5+ 39. Kf3 Qc3+ 40. Kf2 Qd2+ 41. Kg3 Qe3+ {Accuracy: White = 21%, Black = 61%.} 0-1

[Event "Velammal-AICF Women GM 2019"]
[Site "Chennai"]
[Date "2019.01.28"]
[Round "1"]
[White "Uuriintuya, Uurtsaikh"]
[Black "Franco Valencia, Angela"]
[Result "0-1"]
[WhiteElo "2314"]
[BlackElo "2107"]
[Annotator "TA"]
[PlyCount "62"]
[EventDate "2019.01.28"]
[EventType "swiss"]
[EventCountry "IND"]
[SourceTitle "playchess.com"]
[Source "ChessBase"]
[SourceQuality "1"]

{[%evp 13,62,0,0,0,0,16,9,0,8,13,28,25,68,0,55,27,77,20,29,35,26,-536,-542,-618,-598,-652,-566,-677,-645,-659,-498,-711,-725,-750,-745,-772,-594,-597,-581,-1683,-1485,-1288,-1327,-1205,-753,-1060,-1081,-1066,-1066,-1037,-1043]} 1. e4 e5 2. Nf3 Nc6 3. Bc4 Bc5 4. c3 Nf6 {[%cal Bg8f6,Bf6d5,Bd5f4][%mdl 32]} 5. d3 a6 6. Nbd2 {[%cal Bb1d2,Bd2f1,Bf1g3][%mdl 32]} Ba7 {C54: Giuoco Piano: 4 c3 Nf6, main lines with 5 d4 and 5 d3} (6... d6 7. Bb3 O-O 8. h3 Be6 9. Nf1 d5 10. Qe2 dxe4 11. dxe4 Bxb3 12. axb3 Ne8 13. b4 Ba7 14. g4 Nd6 15. Ng3 Qf6 16. h4 Qe6 {½-½ (70) Duda,J (2717)-Fressinet,L (2662) Katowice 2017}) 7. Nf1 O-O {LiveBook: 3 Games} 8. Ng3 d5 {The position is equal.} 9. exd5 Nxd5 10. O-O Kh8 11. Re1 Be6 $146 ({Predecessor:} 11... f6 12. Bb3 Nde7 13. Be3 Nf5 14. Bxa7 Rxa7 {1-0 (64) Szczepaniak,L (1416)-Glatty,Z (1936) Wroclaw 2012}) 12. Ng5 Nf4 13. Bxe6 (13. Nxe6 $14 fxe6 14. Ne4) 13... Qxg5 ({Black should play} 13... fxe6 $11 14. N3e4 Nxd3 {[%mdl 64] Double Attack}) 14. Bb3 Rad8 {[#]} 15. Bc2 (15. d4 $1 $16 {[%mdl 512]}) 15... Qh4 16. Qf3 $1 Ne6 17. Ba4 $2 {[%mdl 8192]} (17. Re4 $11 {and White stays safe.} Qe7 18. b4) 17... Qxa4 $19 {Black is clearly winning.} 18. Nf5 Qc2 19. Be3 Qxd3 20. a4 e4 21. Qg4 Ne5 22. Qh5 (22. Qg3 $142 Bxe3 23. Nxe3) 22... g6 23. Qh4 f6 24. Ng3 Bxe3 25. Rxe3 Qc2 26. Nxe4 Rd1+ {[%mdl 64] [#] Double Attack} 27. Re1 Rxa1 28. Rxa1 Kg7 29. Re1 Nd3 30. Rf1 Ndf4 31. Re1 g5 {Accuracy: White = 34%, Black = 46%.} 0-1

[Event "Velammal-AICF Women GM 2019"]
[Site "Chennai"]
[Date "2019.01.28"]
[Round "1"]
[White "Babiy, Olga"]
[Black "Varshini, V."]
[Result "1-0"]
[WhiteElo "2275"]
[BlackElo "2171"]
[Annotator "TA"]
[PlyCount "95"]
[EventDate "2019.01.28"]
[EventType "swiss"]
[EventCountry "IND"]
[SourceTitle "playchess.com"]
[Source "ChessBase"]
[SourceQuality "1"]

{[%evp 13,95,22,24,0,0,18,18,6,46,45,31,28,63,8,75,58,84,76,105,99,102,104,108,91,115,116,144,103,164,163,214,181,241,250,251,192,176,114,125,135,118,110,236,240,233,216,299,284,275,285,295,260,460,444,365,360,325,321,579,672,671,462,450,445,675,679,681,560,824,632,29988,29984,29984,29985,29985,29986,29986,29986,29990,29991,29995,29996,29996,29997]} 1. e4 c5 2. Nf3 d6 3. d4 cxd4 4. Nxd4 Nf6 5. Nc3 a6 6. Be3 e5 7. Nb3 Be7 8. h3 {B90: Sicilian Najdorf: Unusual White 6th moves, 6 Be3 Ng4 and 6 Be3 e5} (8. f3 O-O 9. Qd2 Be6 10. O-O-O Nbd7 11. g4 b5 12. g5 Nh5 13. Kb1 Nb6 14. Nd5 Nxd5 15. exd5 Bd7 16. Na5 Rc8 17. Bd3 Qc7 18. Rhg1 f5 19. gxf6 Bxf6 20. Nc6 Kh8 {1-0 (47) Wang,H (2730)-Najer,E (2670) St Petersburg 2018}) 8... Be6 9. Qf3 Nbd7 10. g4 {[%cal Bg2g4,Bg4g5][%mdl 32] The position is equal.} O-O 11. g5 Ne8 12. h4 b5 13. Bh3 $146 (13. O-O-O $14) ({Predecessor:} 13. Nd5 Rc8 14. O-O-O g6 15. Qg2 Bxd5 16. exd5 {1-0 (27) Palac,M (2600)-Burg,T (2502) Eilat 2012}) 13... Nc7 {[#]} (13... b4 $11 {keeps the balance.} 14. Nd5 a5) 14. Na5 $1 $16 Qe8 15. O-O-O b4 16. Nd5 $36 {[%mdl 2048] White is really pushing.} Nxd5 17. exd5 Bxh3 18. Qxh3 Rc8 19. Nc6 a5 20. Rhe1 Kh8 (20... Rc7 $16 {was called for.}) 21. f4 $18 (21. Nxa5 Ra8 $16) 21... f5 (21... f6 $142 22. Qe6 Rf7) 22. h5 {[%cal Bh4h5,Bh5h6][%mdl 32]} (22. Nxa5 $6 Ra8 $14) 22... Kg8 (22... Bd8 $142 23. Kb1 e4) 23. Kb1 e4 24. h6 {aiming for hxg7.} (24. Nxa5 $6 Nb8 $18) 24... g6 25. Bd4 ({White should play} 25. Nxa5 $18 Nb8 26. b3) 25... Bd8 26. Qe3 Nb8 27. Nxd8 Qxd8 {[#]} (27... Rxd8 $16 28. Bg7 Rf7) 28. Bb6 $1 {[%cal Rb6d8,Bd4b6,Bb6a5,Ba5b4,Bb4d6][%mdl 32]} Qd7 29. Bxa5 Qa4 30. Qd4 {[%csl Gh6][%cal Rd4g7]} Rf7 31. Bxb4 Qxc2+ 32. Ka1 Rc4 $2 (32... Qc4 {is a better defense.} 33. Qxc4 (33. Bxd6 Qxd4 34. Rxd4 Rd8 $18) 33... Rxc4) 33. Qb6 {[%mdl 64] Double Attack} Nd7 34. Qd8+ Nf8 35. Bxd6 ({Much less strong is} 35. Qxd6 $6 e3 $18) 35... e3 $2 (35... Rc8 {keeps fighting.} 36. Qb6 Qc4) 36. Bxf8 {Threatening mate with Bg7+.} Rc8 37. Qb6 e2 38. Rb1 Rcxf8 (38... Kxf8 $142 39. Qd6+ Kg8) 39. Qe6 Ra8 {( -> ...Rxa2+!)} 40. d6 Qd3 41. Rxe2 Rxa2+ 42. Qxa2 {[%cal Re2e8] White mates.} Qxe2 {[%mdl 4096] Endgame KQR-KQR} 43. Qa8+ Rf8 44. Qd5+ Rf7 45. Rc1 Qa6+ 46. Kb1 Kh8 47. d7 ({Worse is} 47. Qxf7 Qa2+ 48. Kxa2 $11) 47... Rf8 48. Qe5+ {Accuracy: White = 75%, Black = 37%.} 1-0

[Event "Velammal-AICF Women GM 2019"]
[Site "Chennai"]
[Date "2019.01.28"]
[Round "1"]
[White "Aakanksha, Hagawane"]
[Black "Munguntuul, Batkhuyag"]
[Result "1/2-1/2"]
[WhiteElo "2259"]
[BlackElo "2428"]
[Annotator "TA"]
[PlyCount "76"]
[EventDate "2019.01.28"]
[EventType "swiss"]
[EventCountry "IND"]
[SourceTitle "playchess.com"]
[Source "ChessBase"]
[SourceQuality "1"]

{[%evp 16,76,-34,-48,-24,-41,-45,-56,-24,-36,-22,-22,-15,-21,-17,-20,0,0,-12,-26,0,-44,-23,-33,-39,-60,-37,-59,-49,-53,-49,-98,-95,-93,-91,-93,-93,-101,-82,-92,-46,-106,-76,-215,-215,-204,0,-170,0,0,741,721,652,0,0,0,0,0,0,0,0,0,0]} 1. e4 c5 2. Nf3 e6 3. c4 Nc6 4. Nc3 Nd4 5. d3 Ne7 6. Nxd4 {B40: Sicilian: 2...e6, Unusual lines} (6. Be2 Nxf3+ 7. Bxf3 Nc6 8. O-O Be7 9. g3 O-O 10. Bg2 a6 11. Be3 Rb8 12. a4 b6 13. f4 {½-½ (37) Richter,M (2505)-Saric,I (2666) Germany 2017}) 6... cxd4 7. Ne2 Nc6 8. a3 (8. g3 a6 9. Bg2 b5 10. cxb5 axb5 11. O-O Bc5 12. f4 O-O 13. g4 {0-1 (42) Aakanksha,H (2292)-Munguntuul,B (2428) Hyderabad 2018}) 8... b5 9. Ng3 {LiveBook: 3 Games} Rb8 10. b3 $146 ({Predecessor:} 10. Be2 g6 11. O-O bxc4 12. dxc4 Bg7 13. Bd3 {½-½ (48) Klinova,M (2288)-Javakhishvili,L (2475) Porto Carras 2018}) 10... bxc4 11. bxc4 Be7 12. Be2 O-O 13. O-O d6 14. f4 Bd7 15. Bd2 Na5 {[%cal Bc6a5,Ba5b7,Bb7c5][%mdl 32]} 16. Rb1 {Black must now prevent Rxb8.} Nb7 17. Qe1 Nc5 18. Qf2 e5 19. Rxb8 Qxb8 20. Nh5 {Threatening fxe5.} f6 21. Qg3 {[%csl Gh5][%cal Rg3g7]} Rf7 $1 22. Bb4 Qb6 23. fxe5 dxe5 24. Bg4 Bxg4 25. Qxg4 a5 26. Bxc5 Qxc5 ({Much weaker is} 26... Bxc5 $6 27. Rxf6 Qb1+ 28. Kf2 $11) 27. a4 Qb4 28. Qc8+ (28. Qd1 $15) 28... Bf8 $17 29. h3 (29. Qc6 $17 {was necessary.}) 29... Qxa4 $19 ({Stronger than} 29... Qd2 30. Qe6 $11) 30. Qe6 {[%cal Rf1f6]} Qc2 $2 ({Better is} 30... Qd7 $1 $19 {[%cal Rd7e6]} 31. Qb6 a4) 31. Rf3 $2 {[#]} (31. Rxf6 $11 Qd1+ 32. Kh2 gxf6 33. Nxf6+ Kg7 34. Ne8+ Kg8 35. Nf6+ Kg7 36. Ne8+ Kg8 37. Nf6+) 31... a4 $2 (31... Qb1+ $1 $19 32. Kh2 Qb7) 32. Kh2 $11 {[%cal Rh5f6] Nxf6+! would kill now.} Qd1 $2 {[%mdl 8192] [#]} (32... Qb1 $11) 33. Nxf6+ $1 $18 {[%mdl 512]} gxf6 34. Rg3+ $2 (34. Rxf6 $18 Qh5 35. g4) 34... Bg7 $11 {Strongly threatening ...Qc1.The position is equal.} 35. Qe8+ Rf8 36. Qe7 {[%csl Gg3][%cal Re7g7]} Rf7 37. Qe8+ Rf8 38. Qe7 {[%csl Gg3][%cal Re7g7]} Rf7 {Accuracy: White = 40%, Black = 65%.} 1/2-1/2

[Event "Velammal-AICF Women GM 2019"]
[Site "Chennai"]
[Date "2019.01.28"]
[Round "1"]
[White "Michelle Catherina, P."]
[Black "Divya, Deshmukh"]
[Result "1/2-1/2"]
[WhiteElo "2175"]
[BlackElo "2168"]
[Annotator "TA"]
[PlyCount "138"]
[EventDate "2019.01.28"]
[EventType "swiss"]
[EventCountry "IND"]
[SourceTitle "playchess.com"]
[Source "ChessBase"]
[SourceQuality "1"]

{[%evp 10,138,34,0,39,29,39,23,58,42,68,43,23,26,30,11,21,17,12,-61,45,69,62,68,81,65,103,77,115,93,102,94,87,100,97,97,131,133,308,0,106,101,87,56,64,66,179,211,206,267,195,73,514,0,0,0,0,-29,-29,-29,-29,-29,-29,-29,-29,-29,-29,-103,-103,-103,-103,-103,-103,-103,-103,-103,-103,-103,-103,-103,-103,-103,-103,-103,-103,-103,-103,-103,-45,-45,-45,-45,-45,-45,-45,-45,-45,-45,-45,-45,0,-45,-45,-45,-45,-45,-45,-45,-45,-45,-45,-45,-45,-45,-45,-45,-45,-45,-45,-45,-45,-45,-45,-45,-45,-45,-45,-45,8,8,8]} 1. e4 c5 2. Nf3 d6 3. d4 cxd4 4. Nxd4 Nf6 5. Nc3 a6 6. h4 {LiveBook: 121 Games. B90: Sicilian Najdorf: Unusual White 6th moves, 6 Be3 Ng4 and 6 Be3 e5} (6. Be2 e5 7. Nf3 Be7 8. Bg5 Nbd7 9. a4 h6 10. Be3 Ng4 11. Bc1 Ngf6 12. O-O Nc5 13. Nd2 O-O 14. b4 Ne6 15. Nc4 Nd4 16. Be3 Nxe2+ 17. Qxe2 {½-½ (40) Giri,A (2783)-Nepomniachtchi,I (2763) St Petersburg 2018}) 6... h5 7. Bg5 Nbd7 8. Qd2 {White is slightly better.} g6 $146 ({Predecessor:} 8... b5 9. f3 Bb7 10. a3 e6 11. O-O-O Be7 12. Kb1 Rc8 13. Bd3 Nb6 {0-1 (85) Van Osch,M (2324)-L'Ami,E (2636) Dieren 2018}) 9. O-O-O Bg7 10. f3 Qc7 11. Kb1 b5 12. g4 hxg4 13. fxg4 Bb7 14. Qg2 {[#]} (14. h5 $11) 14... Nc5 (14... Nxe4 $1 $15 {[%mdl 512]} 15. Nxe4 Nc5) 15. Bxf6 $1 $14 Bxf6 16. Nd5 Bxd5 17. exd5 Na4 (17... Rxh4 $2 18. Rxh4 Bxh4 19. g5 $18) 18. g5 Be5 {[#]} 19. h5 $1 {[%mdl 512]} Qb6 (19... Rxh5 $2 20. Rxh5 Nxb2 21. Kxb2 $18) (19... gxh5 20. g6) 20. Nc6 Bxb2 21. Re1 Be5 22. Nxe5 $40 {[%mdl 128] White goes for the king.} Nc3+ 23. Kb2 Na4+ $2 (23... dxe5 $16 24. hxg6 Rxh1 25. Qxh1 Na4+ 26. Kc1 Qd4 27. gxf7+ (27. Qh8+ Kd7 $11) 27... Kxf7 28. Qh5+ (28. Qh7+ Ke8 $16) 28... Kg7 29. Qh6+ Kg8 30. Qe6+ Kf8 31. Qf5+ (31. Qxe5 Qxe5 32. Rxe5 Rd8 $16) 31... Kg8) 24. Kb1 $2 (24. Kc1 $18 Qd4 25. Nd3) 24... dxe5 (24... Nc3+ $11 25. Kb2 Qa5) 25. hxg6 $16 Rxh1 26. gxf7+ Kd7 27. Qxh1 Qd4 ({Black should try} 27... Rf8 $1 $14) 28. Qh3+ $18 Kc7 {[%csl Ga4][%cal Rd4b2] [#]} 29. Qa3 $1 {[%cal Ra3e7]} Nc3+ 30. Kc1 (30. Ka1 $18 {and White stays clearly on top.} b4 31. Qb3 Nxd5+ 32. Qb2) 30... b4 $2 {[%mdl 8192] [#]} (30... Kb6 $16 {is a better chance.}) 31. Qa5+ $2 ({White must play} 31. Qb3 $1 $18 {[%cal Rb3c4]} Ne4 32. Qc4+ Qxc4 33. Bxc4 Nxg5 34. Rxe5 {[%mdl 64] Double Attack}) 31... Kd6 $11 32. g6 Nxd5 33. Qxd5+ Qxd5 34. Rd1 {[#]} Qxd1+ $1 35. Kxd1 {[%mdl 4096] Endgame KR-KB} Ke6 {aiming for ...Kf6.} 36. Bxa6 $1 Kf6 37. Bd3 $1 Kg7 38. Kd2 (38. Ke2 $1 $11) 38... Rxa2 $17 39. Ke3 Ra8 40. Be4 Rd8 41. Bd3 Rd4 42. Be4 Rc4 43. Bd3 Rh4 44. Be4 Rh3+ 45. Kd2 Kf8 46. Ke2 e6 47. Kd2 Rg3 48. Ke2 b3 (48... Kg7 $17 49. Bd3 Rg4) 49. cxb3 $15 Rxb3 50. Kd2 Rb4 51. Ke3 Kg7 52. Kf3 Rb3+ 53. Ke2 Ra3 54. Kf2 Rb3 55. Ke2 Rb8 {And now ...Rb3 would win.} 56. Ke3 Kf6 57. Kf3 Rb3+ 58. Ke2 Ke7 59. Kf2 Kf8 60. Ke2 Ra3 61. Kf2 Ra7 {Threatens to win with ...Ra1.} 62. Ke3 Ra1 63. Kf2 Kg7 {Hoping for ...Ra3.} 64. Ke2 Rg1 {Strongly threatening ...Rg3.} 65. Kf2 Rg4 66. Kf3 Rh4 {White must now prevent ...Kf8.} 67. Ke3 Rf4 {...Rg4 is the strong threat.} 68. Kd3 Rxf7 (68... Rg4 $15 69. Ke3 Rg1) 69. gxf7 $11 Kxf7 {Accuracy: White = 70%, Black = 47%.} 1/2-1/2

[Event "Velammal-AICF Women GM 2019"]
[Site "Chennai"]
[Date "2019.01.28"]
[Round "1"]
[White "Chandreyee, Hajra"]
[Black "Sapale, Saloni"]
[Result "1/2-1/2"]
[WhiteElo "1925"]
[BlackElo "2198"]
[Annotator "TA"]
[PlyCount "108"]
[EventDate "2019.01.28"]
[EventType "swiss"]
[EventCountry "IND"]
[SourceTitle "playchess.com"]
[Source "ChessBase"]
[SourceQuality "1"]

{[%evp 25,108,0,0,0,23,-35,0,0,-2,-59,-48,-85,-97,-77,-69,-106,-102,-165,-202,-265,-279,-236,-255,-398,-404,-365,-360,-403,-229,-433,-329,-302,-284,-271,-218,-342,-345,-334,-166,-166,-166,-154,-154,-154,-163,-152,-162,-175,-175,-222,-223,-277,-267,-260,-247,-278,-265,-267,-260,-261,-251,-297,-279,-410,-361,-350,-341,-1395,-1367,-988,-870,-1240,-1081,-1876,-1752,-2585,-2115,-29963,-5485,-29978,-29979,-29976,-29976,-29979,-29978]} 1. e4 c5 2. Nf3 d6 3. d4 Nf6 4. Nc3 cxd4 5. Nxd4 a6 6. Be2 e5 7. Nb3 Be7 8. O-O O-O 9. Kh1 Nc6 10. f4 b5 {B92: Sicilian Najdorf: 6 Be2} 11. a4 (11. Bf3 b4 12. Nd5 a5 13. fxe5 Nxe5 14. Nxe7+ Qxe7 15. Bg5 h6 16. Bh4 g5 17. Bg3 Bb7 18. Nd4 Nxf3 {1-0 (54) Dervishi,E (2567)-Leko,P (2690) Batumi 2018}) 11... b4 12. Nd5 Nxe4 13. Bf3 f5 $1 {LiveBook: 13 Games} 14. Be3 Rb8 15. a5 $146 (15. Nxe7+ $11 Nxe7 16. fxe5 dxe5 17. Bxe4 fxe4 18. Rxf8+ Qxf8 19. Nc5) ({Predecessor:} 15. Nxe7+ Nxe7 16. fxe5 dxe5 17. Bxe4 fxe4 18. Rxf8+ Qxf8 {½-½ (51) Mujunen,M (2250)-Paessler,H (2226) ICCF email 2015}) 15... Bb7 16. Bb6 Qe8 17. Bxe4 (17. Nd2 $11) 17... fxe4 $15 18. f5 Rc8 19. Qg4 Bf6 20. Qxe4 Qd7 21. Rad1 (21. Rf2 $17) 21... Ne7 $19 {[%mdl 64] [#] Discovered Attack} 22. Nxf6+ Rxf6 23. Qe2 Qc6 ({Weaker is} 23... Rxf5 {[#]} 24. Nc5 $1 $15 {[%mdl 512]}) 24. Rd2 (24. c3 $142) 24... Nxf5 25. Rf2 Rcf8 {Hoping for ...Nh4.} 26. Qg4 Nh6 (26... d5 $142 27. Bc5 R8f7) 27. Qg5 $2 (27. Qh4) 27... Qe4 {( -> ...Qe1+)} 28. Rxf6 Rxf6 29. h3 Nf5 {Strongly threatening ...Nh4.} 30. Rf2 (30. Kh2 $142) 30... h6 31. Qg4 Qxg4 (31... Qe1+ $142 32. Kh2 Ne3 33. Bxe3 Rxf2 34. Bxf2 Qxf2) 32. hxg4 Ng3+ 33. Kh2 Ne4 34. Rxf6 Nxf6 $17 {[%mdl 4096] Endgame KBN-KBN} 35. Bc7 Ne8 36. Bb6 Kf7 37. Be3 Be4 38. Na1 Nf6 39. Bd2 Nd5 40. c4 bxc3 $1 41. bxc3 Bd3 42. Kg3 Ke6 43. Nb3 Bc4 44. Nc1 (44. Na1 $142) 44... Ne7 45. Kf2 Nc6 46. Ne2 $2 (46. g5) 46... Bxe2 $19 47. Kxe2 Nxa5 {KB-KN} 48. Kd3 Kd5 49. g5 hxg5 50. Bxg5 Nc4 51. Bh4 a5 {[%cal Ba6a5,Ba5a4][%mdl 32]} 52. Bf2 a4 {Black mates.} 53. Kc2 e4 54. Be1 Ne3+ {[%mdl 32768] Accuracy: White = 29%, Black = 66%. . An unexpected result.} 1/2-1/2

[Event "Velammal-AICF Women GM 2019"]
[Site "Chennai"]
[Date "2019.01.29"]
[Round "2"]
[White "Munguntuul, Batkhuyag"]
[Black "Chandreyee, Hajra"]
[Result "1-0"]
[WhiteElo "2428"]
[BlackElo "1925"]
[Annotator "TA"]
[PlyCount "47"]
[EventDate "2019.01.28"]
[EventType "swiss"]
[EventCountry "IND"]
[SourceTitle "playchess.com"]
[Source "ChessBase"]
[SourceQuality "1"]

{[%evp 11,47,9,84,39,60,63,60,63,65,73,342,315,438,447,439,444,425,444,401,370,371,364,371,334,348,336,512,510,729,749,756,740,1059,1070,1043,916,29987,29987]} 1. e4 c6 2. Nc3 d5 3. Nf3 Nf6 4. e5 Ne4 5. Ne2 Qb6 6. d4 {B11: Caro-Kann: Two Knights Variation} h6 {LiveBook: 3 Games} (6... e6 $1 $11) (6... e6 7. Ng3 c5 8. Bd3 Nxg3 9. hxg3 cxd4 10. Ng5 Nc6 11. Nxh7 Bd7 12. Qe2 O-O-O 13. O-O {0-1 (30) Mamedov,R (2703)-Piorun,K (2634) St Petersburg 2018}) 7. Ng3 Bg4 $146 ({Predecessor:} 7... Nxg3 8. hxg3 Bf5 9. Bd3 Bxd3 10. Qxd3 e6 11. c3 c5 12. dxc5 Bxc5 13. O-O {½-½ (32) Golubov,S (2504)-Bryakin,M (2338) Kazan 2017}) 8. c3 {White is slightly better.} e6 9. Bd3 Nxg3 $1 10. hxg3 c5 $2 {[%mdl 8192] [#]} (10... a5 $16 {was worth a try.}) 11. Qa4+ $18 Nc6 12. dxc5 Bxc5 13. Qxg4 Bxf2+ 14. Ke2 O-O-O 15. Rf1 Bc5 16. b4 Bf8 17. Be3 Qc7 18. Rab1 h5 (18... Rd7 $142 19. Kf2 g5) 19. Qf4 g6 20. b5 Bh6 21. Qa4 Nxe5 22. b6 axb6 23. Qa8+ Kd7 24. Nxe5+ {Precision: White = 81%, Black = 30%.} 1-0

[Event "Velammal-AICF Women GM 2019"]
[Site "Chennai"]
[Date "2019.01.29"]
[Round "2"]
[White "Osmak, Iulija"]
[Black "Divya Deshmukh"]
[Result "0-1"]
[WhiteElo "2394"]
[BlackElo "2168"]
[Annotator "TA"]
[PlyCount "90"]
[EventDate "2019.01.28"]
[EventType "swiss"]
[EventCountry "IND"]
[SourceTitle "playchess.com"]
[Source "ChessBase"]
[SourceQuality "1"]

{[%evp 23,90,3,10,2,52,39,70,56,89,36,34,16,92,116,109,116,105,110,91,108,108,106,108,106,140,158,257,202,209,227,188,161,352,123,89,0,0,-658,-644,-648,-609,-780,-722,-750,-775,-783,-772,-860,-841,-988,-983,-1045,-901,-1042,-951,-942,-941,-940,-766,-1094,-920,-29973,-29972,-29975,-29977,-29981,-29982,-29981,-29983]} 1. e4 c5 2. Nf3 d6 3. d4 cxd4 4. Nxd4 Nf6 5. Nc3 a6 6. h3 e6 7. g4 Be7 8. Bg2 Nfd7 {B81: Sicilian Scheveningen: Keres Attack} 9. Nce2 (9. Be3 Nc6 10. h4 O-O 11. g5 Nde5 12. Qe2 Nxd4 13. Bxd4 Nc6 14. Be3 Bd7 15. f4 {½-½ (30) Dominguez Perez,L (2739)-Grischuk,A (2766) Saint Louis 2018}) 9... Nc6 10. c3 O-O 11. O-O Nde5 12. f4 Ng6 {LiveBook: 4 Games} 13. Be3 Bd7 14. Nf3 $146 ({Predecessor:} 14. Qd2 Rc8 15. Rad1 {0-1 (40) Socko,M (2470)-Ziaziulkina,N (2427) Wroclaw 2014}) 14... Na5 15. b3 Rc8 16. Rc1 (16. Qe1 $16) 16... b5 $14 17. g5 Re8 (17... d5 $11 {keeps the balance.}) 18. h4 {[%cal Bh3h4,Bh4h5,Bh5g6,Bg6f7][%mdl 32]} d5 19. h5 $1 {[%cal Rh5g6]} ({But not} 19. exd5 $6 Ba3 $11) 19... dxe4 20. hxg6 exf3 {[#]} 21. gxf7+ $1 Kxf7 22. Bxf3 Bc6 23. Nd4 Ba3 24. Rc2 Bxf3 (24... Kg8 $16) 25. Rxf3 ({Not} 25. Nxf3 Qxd1 26. Rxd1 Kg8 $14) 25... Kg8 26. Rh3 {Threatens to win with Qh5.} g6 27. Rd2 {Strongly threatening Nxb5!} Qe7 $2 {[#]} (27... Bc5 {might work better.} 28. Nxb5 Bxe3+ 29. Rxe3 Qb6) 28. Nc2 $2 (28. Rdh2 $1 $18 {and the rest is easy.}) 28... Bc5 $16 29. Rd7 ({Better is} 29. Rdh2 $16 Red8 30. Qb1) 29... Rcd8 $11 30. Rxh7 $2 {[%mdl 8192]} (30. Rxd8 $11 Rxd8 31. Qg4) 30... Rxd7 $19 31. Qxd7 Kxh7 32. Qd2 Bxe3+ 33. Nxe3 Rd8 34. Qf2 Qd7 35. Qh2+ Kg8 36. Qh6 Qd3 37. Qh3 Qb1+ 38. Kf2 Rd2+ 39. Kf3 Rd6 40. Qh2 Qd3 41. Qb2 Nc6 42. Qa3 Ne7 {Black mates.} 43. Qc5 Nf5 44. Qc8+ Kh7 45. Qc7+ Rd7 {Accuracy: White = 48%, Black = 41%.} 0-1